Экспериментальное исследование естественной и смешанной конвекции в прямоугольной области с локальным источником нагрева; Химическая физика и актуальные проблемы энергетики

Dades bibliogràfiques
Parent link:Химическая физика и актуальные проблемы энергетики.— 2012.— [С. 179-182]
Autor principal: Максимов В. И. Вячеслав Иванович
Altres autors: Нагорнов Д. А., Ударцев Е. И.
Sumari:Заглавие с титульного листа
Idioma:rus
Publicat: 2012
Matèries:
Accés en línia:http://www.lib.tpu.ru/fulltext/c/2012/C03/071.pdf
Format: MixedMaterials Electrònic Capítol de llibre
KOHA link:https://koha.lib.tpu.ru/cgi-bin/koha/opac-detail.pl?biblionumber=230192

MARC

LEADER 00000naa2a2200000 4500
001 230192
005 20251206182428.0
035 |a (RuTPU)RU\TPU\book\250934 
035 |a RU\TPU\book\250933 
090 |a 230192 
100 |a 20130118d2012 k y0rusy50 ca 
101 0 |a rus 
102 |a RU 
135 |a drnn ---uucaa 
181 0 |a i  
182 0 |a b 
200 1 |a Экспериментальное исследование естественной и смешанной конвекции в прямоугольной области с локальным источником нагрева  |f В. И. Максимов, Д. А. Нагорнов, Е. И. Ударцев 
203 |a Текст  |c электронный 
215 |a 1 файл (423 Кб) 
300 |a Заглавие с титульного листа 
320 |a [Библиогр.: с. 182 (6 назв.)] 
337 |a Adobe Reader 
463 1 |0 (RuTPU)RU\TPU\book\250360  |t Химическая физика и актуальные проблемы энергетики  |o сборник тезисов и докладов Всероссийской молодежной конференции, г. Томск, 4 - 6 сентября 2012 г.  |f Национальный исследовательский Томский политехнический университет (ТПУ) ; под ред. Г. В. Кузнецова ; Е. Е. Бульбы ; В. И. Максимова ; А. В. Захаревича ; Т. А. Нагорновой  |v [С. 179-182]  |d 2012 
610 1 |a труды учёных ТПУ 
610 1 |a электронный ресурс 
610 1 |a исследование 
610 1 |a конвекция 
610 1 |a источники 
610 1 |a нагрев 
700 1 |a Максимов  |b В. И.  |c специалист в области теплотехники  |c доцент Томского политехнического университета, кандидат технических наук  |f 1977-  |g Вячеслав Иванович  |3 (RuTPU)RU\TPU\pers\25530  |9 11460 
701 1 |a Нагорнов  |b Д. А. 
701 1 |a Ударцев  |b Е. И. 
801 1 |a RU  |b 63413507  |c 20130116 
801 2 |a RU  |b 63413507  |c 20130206  |g RCR 
856 4 |u http://www.lib.tpu.ru/fulltext/c/2012/C03/071.pdf  |z http://www.lib.tpu.ru/fulltext/c/2012/C03/071.pdf 
942 |c CF